<?xml version="1.0" encoding="UTF-8"?>
<collection xmlns="http://www.loc.gov/MARC21/slim">
 <record>
  <leader>     na                 </leader>
  <controlfield tag="001">INLIS000000000847145</controlfield>
  <controlfield tag="005">20190513104457</controlfield>
  <datafield tag="035" ind1=" " ind2=" ">
   <subfield code="a">0010-0519000480</subfield>
  </datafield>
  <controlfield tag="007">ta</controlfield>
  <controlfield tag="008">190513s2018    yoia   fr           ind d</controlfield>
  <datafield tag="020" ind1=" " ind2=" ">
   <subfield code="a">978-602-51707-7-5</subfield>
  </datafield>
  <datafield tag="040" ind1=" " ind2=" ">
   <subfield code="a">YOPDYOG</subfield>
   <subfield code="b">ind</subfield>
   <subfield code="e">rda</subfield>
  </datafield>
  <datafield tag="082" ind1="0" ind2="4">
   <subfield code="2">23</subfield>
   <subfield code="a">297.77</subfield>
  </datafield>
  <datafield tag="084" ind1=" " ind2=" ">
   <subfield code="a">297.77 Nur a</subfield>
  </datafield>
  <datafield tag="090" ind1=" " ind2=" ">
   <subfield code="a">DEP 297.77 Nur a</subfield>
  </datafield>
  <datafield tag="090" ind1=" " ind2=" ">
   <subfield code="a">CB-D.11 2018-2233</subfield>
  </datafield>
  <datafield tag="100" ind1="0" ind2=" ">
   <subfield code="a">Nurhasanah</subfield>
   <subfield code="e">penulis</subfield>
  </datafield>
  <datafield tag="245" ind1="1" ind2="0">
   <subfield code="a">Anchor assessment :</subfield>
   <subfield code="b">assessmen praktis dalam bimbingan dan konseling islam bidang karir, pendidikan dan masyarakat /</subfield>
   <subfield code="c">penulis, Nurhasanah, Siti Nurhikmah Fauziah, Ainis Nur M, Rafi'Nur K, Sifak Adkhaning Fauziah, Okti Inayatur Rohmah, Novi Nurlaili, Arina Rijki Aulia, Hani Lidyananda, Hani'ah Dwi Agustina, Arini K Effiah, Mahida Zahra; editor, Moh. Khoerul Anwar</subfield>
  </datafield>
  <datafield tag="250" ind1=" " ind2=" ">
   <subfield code="a">Cetakan pertama, 2018</subfield>
  </datafield>
  <datafield tag="300" ind1=" " ind2=" ">
   <subfield code="a">viii, 297 halaman :</subfield>
   <subfield code="b">tabel ;</subfield>
   <subfield code="c">24 cm</subfield>
  </datafield>
  <datafield tag="650" ind1=" " ind2="4">
   <subfield code="a">Pendidikan, Konseling</subfield>
  </datafield>
  <datafield tag="700" ind1="0" ind2=" ">
   <subfield code="a">Siti Nurhikmah Fauziah</subfield>
   <subfield code="e">penulis</subfield>
  </datafield>
  <datafield tag="700" ind1="0" ind2=" ">
   <subfield code="a">Ainis Nur M</subfield>
   <subfield code="e">penulis</subfield>
  </datafield>
  <datafield tag="700" ind1="0" ind2=" ">
   <subfield code="a">Moh. Khoerul Anwar</subfield>
   <subfield code="e">editor</subfield>
  </datafield>
  <datafield tag="700" ind1="0" ind2=" ">
   <subfield code="a">Sifak Adkhaning Fauziah</subfield>
   <subfield code="e">penulis</subfield>
  </datafield>
  <datafield tag="700" ind1="0" ind2=" ">
   <subfield code="a">Okti Inayatur Rohmah</subfield>
   <subfield code="e">penulis</subfield>
  </datafield>
  <datafield tag="700" ind1="0" ind2=" ">
   <subfield code="a">Novi Nurlaili</subfield>
   <subfield code="e">penulis</subfield>
  </datafield>
  <datafield tag="700" ind1="0" ind2=" ">
   <subfield code="a">Arina Rijki Aulia</subfield>
   <subfield code="e">penulis</subfield>
  </datafield>
  <datafield tag="700" ind1="0" ind2=" ">
   <subfield code="a">Hani Lidyananda</subfield>
   <subfield code="e">penulis</subfield>
  </datafield>
  <datafield tag="700" ind1="0" ind2=" ">
   <subfield code="a">Hani'ah Dwi Agustina</subfield>
   <subfield code="e">penulis</subfield>
  </datafield>
  <datafield tag="700" ind1="0" ind2=" ">
   <subfield code="a">Arini K Effiah</subfield>
   <subfield code="e">penulis</subfield>
  </datafield>
  <datafield tag="700" ind1="0" ind2=" ">
   <subfield code="a">Mahida Zahra</subfield>
   <subfield code="e">penulis</subfield>
  </datafield>
  <datafield tag="850" ind1=" " ind2=" ">
   <subfield code="a">YOPDYOG</subfield>
  </datafield>
  <datafield tag="041" ind1="0" ind2=" ">
   <subfield code="a">ind</subfield>
  </datafield>
  <datafield tag="264" ind1="3" ind2="1">
   <subfield code="a">Yogyakarta :</subfield>
   <subfield code="b">Lintas Nalar,</subfield>
   <subfield code="c">2018</subfield>
  </datafield>
  <datafield tag="336" ind1=" " ind2=" ">
   <subfield code="2">rdacontent</subfield>
   <subfield code="a">teks</subfield>
  </datafield>
  <datafield tag="337" ind1=" " ind2=" ">
   <subfield code="2">rdamedia</subfield>
   <subfield code="a">tanpa perantara</subfield>
  </datafield>
  <datafield tag="338" ind1=" " ind2=" ">
   <subfield code="2">rdacarrier</subfield>
   <subfield code="a">volume</subfield>
  </datafield>
  <datafield tag="990" ind1=" " ind2=" ">
   <subfield code="a">CB-D.11/2018-2233</subfield>
  </datafield>
 </record>
</collection>
